000 00699nam a2200241 a 4500
001 BRCA_7841
005 20190320210023.0
008 071113s1966----nyu#######---#000-0#eng-#
041 _aeng
044 _anyu
050 4 _aZ1029
_b.E88 1966
100 1 _aEttinghausen, Maurice L.
_919407
245 1 0 _aRare books and royal collectors
_bmemoirs of an antiquarian bookseller
_cby Maurice L. Ettinghausen.
260 _aNueva York
_bSimon and Schuster
_c1966
300 _a220 p.
_c20 cm.
500 _aY54
650 1 4 _aLibros antiguos
_911385
650 1 4 _aIncunables
_97417
650 1 4 _aColeccionistas y colecciones
_919408
650 1 4 _aAnticuarios
_910349
902 _aGFM
942 _2lcc
_cB
999 _c7515
_d7515